000 00695nam a2200289Ia 4500
005 20260324113524.0
008 008 260324s9999 xx 000 0 eng d
020 _a9781003088172
037 _aEBOOK
040 _aCRL
040 _beng
040 _cCRL
041 _2eng
041 _aeng
084 _qCRL
100 _aMasae Yuasa
_91147104
245 0 _aChallenging Nuclear Pacifism in Japan
245 0 _bHiroshima's Anti-nuclear Social Movements
260 _bTaylor and Francis
260 _c2023
365 _a
365 _b220
856 _uhttp://www.taylorfrancis.com/books/9781003088172
942 _cEBOOK
999 _c1736810
_d1736810